| 000 | 00673nam a22001937a 4500 | ||
|---|---|---|---|
| 003 | OSt | ||
| 005 | 20250721012555.0 | ||
| 008 | 250721b |||||||| |||| 00| 0 eng d | ||
| 020 | _a 9780828025720 | ||
| 040 |
_aDWCL-Main lib _cOC |
||
| 082 | _aCirc. 248.486732 W463t 2010 | ||
| 100 | _aWhite, Ellen G. | ||
| 245 |
_aTrue revival : _bthe church's greatest need : selections from the writings of Ellen G. White/ _cEllen G. White |
||
| 260 |
_aHagerstown, MD : _bReview and Herald Publishing House, _cc2010. |
||
| 300 |
_a94 pages : _c20 cm. |
||
| 650 | _a1. Christian life--Seventh Day Adventist authors. | ||
| 650 | _a2. Revivals. | ||
| 942 |
_2ddc _cBK-CIRC _kCirc. _n0 |
||
| 999 |
_c3792 _d3792 |
||